Depeche Mode Albums - Statistics

General Stats
  • This quiz has been taken 323 times
  • The average score is 11 of 14
Answer Stats
Year Album % Correct
1990 Violator
97%
1987 Music For The Masses
88%
1986 Black Celebration
87%
1981 Speak And Spell
87%
1993 Songs Of Faith And Devotion
80%
1983 Construction Time Again
79%
1997 Ultra
78%
2001 Exciter
74%
1982 A Broken Frame
71%
1984 Some Great Reward
71%
2005 Playing The Angel
68%
2017 Spirit
68%
2013 Delta Machine
66%
2009 Sounds Of The Universe
61%
No matching quizzes found
Score Distribution
Percent of People with Each Score
Percentile by Number Answered
Your Score History
You have not taken this quiz